000 00399nam a2200169Ia 4500
003 GCL
008 140319s9999 xx 000 0 eng d
040 _aGCL /
_cGCL
082 0 4 _a751.45
_bG O
100 1 _aGALTON, JEREMY
245 1 0 _aOILS /
_cGALTON, JEREMY
260 _a[S.N] :
_bTHE APPLE PRESS ،
_c1995
300 _a64 P
650 0 4 _aOILS
650 0 4 _aCOLOUR MIXING
942 _2ddc
_cBK
999 _c25242
_d25242